[Event "Challenge"]
[Site "http://www.queenalice.com/game.php?id=768056"]
[Date "2010.4.29"]
[Round "-"]
[White "Josecarlos"]
[Black "Dana0411"]
[Result "0-1"]
[WhiteElo "1925"]
[BlackElo "1829"]

1. e4 e5 2. Nf3 Nc6 3. Bb5 h6 4. Bxc6 dxc6 5. Nxe5 Nf6 6. d3 Bd6 7. Bf4 Be6 8.
Nc3 Nd7 9. d4 Qf6 10. Nxd7 Qxf4 11. Nc5 Bg4 12. Ne2 Qg5 13. Nxb7 Bf4 14. f3 Bxf3
15. gxf3 Qh4+ 16. Kf1 Qh3+ 17. Kf2 g5 18. Ng3 h5 19. Qg1 g4 20. Qg2 Rg8 21. fxg4
Qxg4 22. Rhg1 h4 23. Nh5 Be3+ 24. Kf1 Qxh5 25. Qxg8+ Ke7 26. Qg4 Qh8 27. c3 Bxg1
28. Qxg1 Rg8 29. Qf2 h3 30. d5 Rg2 31. Qc5+ Ke8 32. e5 Qh5 33. Qxc6+ Kf8 34.
Qc5+ Kg7 35. Qe3 Qg4 36. e6 f6 37. b3 Rxh2 38. Qg1 Rg2 39. Qe3 h2 0-1

[Event "Challenge"]
[Site "http://www.queenalice.com/game.php?id=769020"]
[Date "2010.5.1"]
[Round "-"]
[White "ORNELAS"]
[Black "Dana0411"]
[Result "0-1"]
[WhiteElo "1686"]
[BlackElo "1805"]

1. b3 e5 2. d3 d5 3. Nf3 Nc6 4. Bb2 d4 5. Nbd2 Bb4 6. a3 Bxd2+ 7. Qxd2 h6 8. b4
Nf6 9. e4 a6 10. g3 Be6 11. Bg2 g5 12. Nxg5 hxg5 13. Qxg5 Nh5 14. Qxd8+ Rxd8 15.
O-O Kd7 16. Bc1 f5 17. Bg5 Rdg8 18. Bh4 f4 19. gxf4 Nxf4 20. Bg3 Nxg2 21. h4
Nxh4 22. Rfe1 Bh3 23. Re2 Nf3+ 24. Kh1 Bf1+ 25. Bh2 Rxh2# 0-1

[Event "Challenge"]
[Site "http://www.queenalice.com/game.php?id=769555"]
[Date "2010.5.2"]
[Round "-"]
[White "leiva2"]
[Black "Dana0411"]
[Result "1-0"]
[WhiteElo "2124"]
[BlackElo "1857"]

1. e4 e5 2. Nf3 Nc6 3. Bb5 a6 4. Ba4 Bc5 5. c3 h6 6. d4 exd4 7. cxd4 Bb4+ 8. Bd2
Nf6 9. O-O b5 10. Bb3 d5 11. exd5 Nxd5 12. Re1+ Be6 13. Bxb4 Ndxb4 14. d5 Kf8
15. Nc3 Bg4 16. dxc6 Nd3 17. Re4 h5 18. Rd4 Qxd4 19. Nxd4 Bxd1 20. Rxd1 Nxb2 21.
Rd2 Re8 22. Kf1 Nc4 23. Rd3 Rh6 24. Nc2 Rxc6 25. Nb4 Rce6 26. Nc2 g5 27. Bxc4
bxc4 28. Rd4 Rb6 29. Rxc4 Rb2 30. Ne3 Kg7 31. Rxc7 Kg6 32. g3 Rd8 33. Rc6+ f6
34. Rxa6 Rd4 35. Ncd5 Kh7 36. Nxf6+ Kh8 37. Ra7 1-0

[Event "Challenge"]
[Site "http://www.queenalice.com/game.php?id=769650"]
[Date "2010.5.2"]
[Round "-"]
[White "Dana0411"]
[Black "specktro"]
[Result "1-0"]
[WhiteElo "1849"]
[BlackElo "1706"]

1. e4 c5 2. Bc4 Nc6 3. Nf3 e6 4. d3 g6 5. c3 Qb6 6. Qb3 Qc7 7. d4 d6 8. Bb5 cxd4
9. cxd4 a6 10. Bxc6+ Qxc6 11. Nc3 d5 12. Ne5 Qc7 13. exd5 exd5 14. Nxd5 Qd8 15.
O-O Be6 16. Bg5 Bxd5 17. Qe3 Ne7 18. Rfe1 Be6 19. Rac1 Bg7 20. Nxf7 Bxf7 21.
Bxe7 Qd7 22. d5 Qxd5 23. Bb4+ Be6 24. Rcd1 Qc6 25. Rd6 Qc8 26. Rxe6+ Kf7 27.
Re7+ Kg8 28. Qb3+ Kf8 29. Rc7# 1-0

[Event "Challenge"]
[Site "http://www.queenalice.com/game.php?id=770684"]
[Date "2010.5.4"]
[Round "-"]
[White "ORNELAS"]
[Black "Dana0411"]
[Result "0-1"]
[WhiteElo "1746"]
[BlackElo "1816"]

1. d4 d5 2. c3 c5 3. dxc5 h6 4. b4 e5 5. e3 a6 6. c4 d4 7. exd4 exd4 8. Nf3 Nc6
9. a3 Nf6 10. Bd3 Be7 11. O-O Qc7 12. Nbd2 Bg4 13. h3 Bh5 14. Bb2 g5 15. Ne4 g4
16. hxg4 Bxg4 17. Nxf6+ Bxf6 18. b5 axb5 19. cxb5 Ne5 20. Be4 Rg8 21. Bxd4 O-O-O
22. Qa4 Nxf3+ 23. Bxf3 Bxf3 24. g3 Rxg3+ 25. Kh2 Rg2+ 26. Kh3 Qh2# 0-1

[Event "Challenge"]
[Site "http://www.queenalice.com/game.php?id=774140"]
[Date "2010.5.11"]
[Round "-"]
[White "monxu87"]
[Black "Dana0411"]
[Result "1-0"]
[WhiteElo "2223"]
[BlackElo "1849"]

1. e4 e5 2. Bc4 Bc5 3. Nc3 c6 4. Qg4 g6 5. Qf3 d5 6. exd5 Nf6 7. d3 h6 8. Ne4
Nxe4 9. Qxe4 O-O 10. Bxh6 Bf5 11. Qf3 e4 12. dxe4 Bxe4 13. Qc3 f6 14. dxc6+ Bd5
15. Bxf8 Kxf8 16. O-O-O 1-0

[Event "Challenge"]
[Site "http://www.queenalice.com/game.php?id=774141"]
[Date "2010.5.11"]
[Round "-"]
[White "Dana0411"]
[Black "monxu87"]
[Result "0-1"]
[WhiteElo "1859"]
[BlackElo "2236"]

1. e4 e5 2. Nf3 Nc6 3. Bc4 Bc5 4. c3 Nf6 5. d3 d6 6. h3 O-O 7. Bg5 Bb6 8. b4 a6
9. Nh2 h6 10. h4 Nxb4 11. f4 d5 12. Bb3 dxe4 13. cxb4 Qd4 0-1

[Event "Patzer Without a Cause"]
[Site "http://www.queenalice.com/game.php?id=775573"]
[Date "2010.5.14"]
[Round "-"]
[White "MisterTibs"]
[Black "Dana0411"]
[Result "1-0"]
[WhiteElo "2260"]
[BlackElo "1852"]

1. d4 d5 2. e3 c5 3. dxc5 e5 4. c4 d4 5. b4 a6 6. Bb2 Nc6 7. exd4 exd4 8. b5 Nb4
9. a3 Bxc5 10. axb4 Bxb4+ 11. Nd2 Nf6 12. bxa6 O-O 13. Bd3 Rxa6 14. Ne2 Re8 15.
O-O Bd6 16. Rxa6 bxa6 17. Bxd4 Bb7 18. Qb3 Qe7 19. Bxf6 gxf6 20. Rb1 Bc6 21. Qb6
Qd7 22. Nd4 Bxg2 23. Kxg2 Qg4+ 24. Kh1 1-0

[Event "Dr. Strange-Patzer"]
[Site "http://www.queenalice.com/game.php?id=775574"]
[Date "2010.5.14"]
[Round "-"]
[White "Dana0411"]
[Black "MisterTibs"]
[Result "0-1"]
[WhiteElo "1860"]
[BlackElo "2294"]

1. e4 e6 2. d4 d5 3. e5 c5 4. c3 Nc6 5. a3 Qb6 6. Nf3 cxd4 7. cxd4 Nge7 8. Nc3
Nf5 9. Bb5 Bd7 10. Bxc6 Bxc6 11. O-O Be7 12. g3 O-O 13. g4 Nh6 14. h3 f5 15. g5
Nf7 16. h4 Be8 17. Ne2 Bb5 18. Kh2 Rac8 19. Rg1 Bxe2 20. Qxe2 Rc7 21. g6 hxg6
22. Rxg6 Rfc8 23. Bd2 Rc2 24. Rag1 Bf8 25. h5 Nh8 26. R6g2 Qxb2 27. h6 g6 28.
Rxg6+ Nxg6 29. Rxg6+ Kh8 30. Qe3 R2c7 31. Qg5 Be7 32. Qg3 f4 33. Qg4 Qc2 34. h7
Bxa3 35. Qxe6 Rxh7+ 36. Kg2 Qxg6+ 37. Qxg6 Rg7 38. Qxg7+ Kxg7 39. Bxf4 a5 40.
Ng5 a4 0-1

[Event "Challenge"]
[Site "http://www.queenalice.com/game.php?id=776006"]
[Date "2010.5.15"]
[Round "-"]
[White "Dana0411"]
[Black "Josecarlos"]
[Result "0-1"]
[WhiteElo "1858"]
[BlackElo "1891"]

1. e4 e5 2. Nf3 Nf6 3. Nc3 Bb4 4. Nd5 Nxd5 5. exd5 d6 6. h3 a6 7. a3 Bc5 8. c3
c6 9. Bc4 h6 10. d3 b5 11. Bb3 Qe7 12. g4 Bb7 13. O-O g5 14. Kh2 Nd7 15. d4 Bb6
16. dxe5 Nxe5 17. Nxe5 dxe5 18. d6 Qd7 19. Be3 c5 20. Qe2 Qxd6 21. Rad1 Qc7 22.
f4 c4 23. Bxb6 Qxb6 24. Rfe1 e4 25. Bc2 O-O 26. Qg2 e3 27. Be4 Bxe4 28. Qxe4
Rae8 29. Qf3 f6 30. Re2 f5 31. Rd7 Qe6 32. Qd5 Qxd5 0-1

[Event "Challenge"]
[Site "http://www.queenalice.com/game.php?id=781749"]
[Date "2010.5.27"]
[Round "-"]
[White "ORNELAS"]
[Black "Dana0411"]
[Result "0-1"]
[WhiteElo "1692"]
[BlackElo "1850"]

1. b3 e5 2. d4 e4 3. g3 d5 4. Bg2 h6 5. e3 Nf6 6. Ne2 Bd6 7. O-O g5 8. a3 h5 9.
Kh1 h4 10. gxh4 gxh4 11. h3 Nh5 12. b4 Ng3+ 13. Nxg3 hxg3 14. fxg3 Bxg3 15. Qe2
Rxh3+ 16. Bxh3 Qh4 17. Rxf7 Kxf7 18. Qf1+ Kg7 19. Qg2 Bxh3 20. Qg1 Bf1+ 0-1

[Event "Challenge"]
[Site "http://www.queenalice.com/game.php?id=796021"]
[Date "2010.6.28"]
[Round "-"]
[White "Josecarlos"]
[Black "Dana0411"]
[Result "0-1"]
[WhiteElo "1976"]
[BlackElo "1860"]

1. c4 e5 2. e4 Bc5 3. Nf3 d6 4. d4 exd4 5. Nxd4 Qh4 6. Qd3 Nc6 7. g3 Qf6 8. Nf3
h6 9. Bg2 g5 10. O-O Nge7 11. Nc3 a6 12. Nd5 Nxd5 13. exd5 Ne5 14. Qc3 Nxf3+ 15.
Bxf3 Qxc3 16. bxc3 Bh3 17. Re1+ Kd7 18. Be3 Rae8 19. Bxc5 Rxe1+ 20. Rxe1 dxc5
21. a4 Re8 22. Rxe8 Kxe8 23. a5 Kd7 24. d6 c6 25. g4 Kxd6 26. Be2 Ke5 27. f3 Kf4
28. Kf2 f5 29. gxf5 Bxf5 30. Kg2 h5 31. h3 Ke3 32. Bf1 g4 33. hxg4 hxg4 34. fxg4
Bxg4 35. Kg3 Be2 36. Bh3 Bxc4 37. Bc8 Kd3 38. Bxb7 Bb5 39. Kf4 Kxc3 40. Ke5 Kb4
41. Kd6 c4 42. Bxc6 Bxc6 43. Kxc6 c3 0-1

[Event "Challenge"]
[Site "http://www.queenalice.com/game.php?id=807865"]
[Date "2010.7.24"]
[Round "-"]
[White "Dana0411"]
[Black "Esvir"]
[Result "1-0"]
[WhiteElo "1843"]
[BlackElo "1879"]

1. e4 e5 2. Bc4 Nf6 3. Nc3 Bb4 4. Nd5 Nxd5 5. Bxd5 O-O 6. Nf3 c6 7. Bb3 d5 8. c3
Bc5 9. Nxe5 Qf6 10. d4 Bd6 11. f4 Bxe5 12. dxe5 Qg6 13. Qe2 dxe4 14. O-O Na6 15.
Be3 Be6 16. Bxe6 Qxe6 17. f5 Qxe5 18. Qg4 h6 19. Bd4 h5 20. Qxh5 g6 21. Qh6 1-0

[Event "Challenge"]
[Site "http://www.queenalice.com/game.php?id=821314"]
[Date "2010.8.21"]
[Round "-"]
[White "Esvir"]
[Black "Dana0411"]
[Result "0-1"]
[WhiteElo "1903"]
[BlackElo "1868"]

1. c4 e5 2. Nc3 Nf6 3. d4 Bb4 4. a3 Bxc3+ 5. bxc3 d6 6. dxe5 dxe5 7. Qxd8+ Kxd8
8. Nf3 Nc6 9. e3 h6 10. c5 Be6 11. Bb5 Na5 12. Nxe5 Nb3 13. Rb1 Nxc1 14. Rxc1 c6
15. Be2 Ke7 16. O-O g5 17. Rb1 Rab8 18. a4 Ne4 19. Rbc1 Nxc5 20. Ra1 Ne4 21.
Rac1 h5 22. a5 Nd2 23. Rfd1 Nb3 24. Rb1 Nxa5 25. f4 g4 26. Ra1 b6 27. Rxa5 bxa5
28. Nxc6+ Kf6 29. Nxb8 Rxb8 30. Ra1 h4 31. Rxa5 g3 32. Rxa7 Rb1+ 33. Bf1 Bc4 34.
hxg3 hxg3 0-1

[Event "Challenge"]
[Site "http://www.queenalice.com/game.php?id=821834"]
[Date "2010.8.23"]
[Round "-"]
[White "Dana0411"]
[Black "Esvir"]
[Result "1-0"]
[WhiteElo "1885"]
[BlackElo "1883"]

1. e4 e5 2. Bc4 Nf6 3. d3 h6 4. a3 d5 5. exd5 Nxd5 6. Nc3 Nxc3 7. bxc3 Qf6 8. d4
Nd7 9. h3 c5 10. d5 e4 11. Ne2 a6 12. Ba2 b5 13. a4 c4 14. Be3 Bc5 15. Bxc5 Nxc5
16. axb5 axb5 17. O-O Qg5 18. Kh2 O-O 19. Qd4 Qe7 20. d6 Qa7 21. Bxc4 Na6 22.
Bxb5 Qxd4 23. cxd4 Rd8 24. Bc6 Rb8 25. d7 Nb4 26. dxc8=Q Rbxc8 27. Bxe4 Nxc2 28.
Rac1 Nb4 29. Rxc8 Rxc8 30. Rc1 Re8 31. Bf5 g6 32. Rc8 Rxc8 33. Bxc8 f5 34. d5
Kf8 35. d6 Nc6 36. Nf4 Ne5 37. Ne6+ Ke8 38. f4 Nc6 39. g4 Na7 40. d7+ 1-0

[Event "Challenge"]
[Site "http://www.queenalice.com/game.php?id=822652"]
[Date "2010.8.24"]
[Round "-"]
[White "Dana0411"]
[Black "Josecarlos"]
[Result "0-1"]
[WhiteElo "1881"]
[BlackElo "1944"]

1. e4 e5 2. Bc4 Nf6 3. d3 Bc5 4. h3 a6 5. a3 c6 6. Bg5 b5 7. Bb3 d6 8. Bxf7+
Kxf7 9. Nf3 Nbd7 10. b4 Bb6 11. Nc3 Rf8 12. g4 Kg8 13. h4 Bxf2+ 0-1

[Event "Challenge"]
[Site "http://www.queenalice.com/game.php?id=851719"]
[Date "2010.10.28"]
[Round "-"]
[White "Dana0411"]
[Black "Esvir"]
[Result "0-1"]
[WhiteElo "1901"]
[BlackElo "1836"]

1. e4 e5 2. Bc4 Nf6 3. d3 d5 4. exd5 Nxd5 5. a3 Bc5 6. b4 Bd4 7. c3 Nxc3 8. Nxc3
Bxc3+ 9. Bd2 Bxa1 10. Qxa1 Nc6 11. Nf3 Nd4 12. Nxd4 Qxd4 13. Qxd4 exd4 14. O-O
O-O 15. h4 b6 16. Bd5 Rb8 17. Bf4 Bb7 18. Rc1 Bxd5 0-1

[Event "Challenge"]
[Site "http://www.queenalice.com/game.php?id=851720"]
[Date "2010.10.28"]
[Round "-"]
[White "Esvir"]
[Black "Dana0411"]
[Result "1-0"]
[WhiteElo "1839"]
[BlackElo "1852"]

1. c4 e5 2. Nc3 h6 3. Nf3 Nc6 4. d4 Bb4 5. d5 e4 6. dxc6 exf3 7. cxb7 Bxb7 8.
exf3 Nf6 9. Qe2+ Qe7 10. Bd2 Qxe2+ 11. Bxe2 O-O-O 12. O-O d5 13. cxd5 Nxd5 14.
a3 Nxc3 15. Bxc3 Bxc3 16. bxc3 Rhe8 17. Bc4 f5 18. Rad1 g5 19. Rxd8+ Rxd8 20.
Be6+ Kb8 21. Bxf5 1-0

[Event "Challenge"]
[Site "http://www.queenalice.com/game.php?id=869998"]
[Date "2010.12.9"]
[Round "-"]
[White "takebora"]
[Black "Dana0411"]
[Result "1-0"]
[WhiteElo "1182"]
[BlackElo "1882"]

1. c4 e5 2. Qb3 Nc6 3. h4 Nd4 4. Qa4 Bb4 5. e3 Nc6 6. Qc2 Nf6 7. Nc3 d5 8. Nxd5
Nxd5 9. cxd5 Qxd5 10. f3 e4 11. Bc4 Qe5 12. Ne2 exf3 13. gxf3 1-0

[Event "Challenge"]
[Site "http://www.queenalice.com/game.php?id=1251494"]
[Date "2014.1.26"]
[Round "-"]
[White "jorm"]
[Black "Dana0411"]
[Result "1-0"]
[WhiteElo "1845"]
[BlackElo "1833"]

1. e4 e5 2. Nf3 Nc6 3. a3 Bc5 4. d3 h6 5. Nc3 d6 6. h3 a6 7. Nd5 Nf6 8. b4 Bd4
9. Nxd4 Nxd4 10. c3 Nc6 11. g3 Ne7 12. Nxf6+ gxf6 13. Bg2 Be6 14. O-O h5 15. f4
f5 16. exf5 Bd5 17. f6 Nf5 18. Bxd5 Nxg3 19. Rf2 c6 20. Bg2 e4 21. dxe4 Qxf6 22.
Bb2 O-O-O 23. c4 Qg6 24. Bxh8 Rxh8 25. e5 Ne4 26. Rf3 Rg8 27. Ra2 1-0

[Event "Mate in 1"]
[Site "http://www.queenalice.com/game.php?id=1256616"]
[Date "2014.2.14"]
[Round "1"]
[White "Dana0411"]
[Black "squarsh"]
[Result "0-1"]
[WhiteElo "1817"]
[BlackElo "1900"]

1. e4 d5 2. exd5 Qxd5 3. Nc3 Qa5 4. d4 c6 5. Bc4 Bf5 6. a3 e6 7. h3 Bd6 8. Be3
Nf6 9. Bd2 Qc7 10. Nf3 Nbd7 11. Nh4 Be4 12. Nxe4 Nxe4 0-1